000 00692nam a2200217 a 4500
008 051012s2005||||xo g 000 f slo d
020 _a8055111286
_q(viaz.)
_c229
040 _aSNK
_bslo
_cSNK
041 1 _aslo
_heng
044 _axo
_cSK
_cSK
072 7 _a821.111(73)-3
_xAmerická próza
_2konspekt
080 _a821.111 (73)-31
_22001
100 1 _aSteel, Danielle
_d1947-
240 1 0 _aSecond chance
_lSlovensky
245 1 0 _aDruhá šanca
_cDanielle Steel ; [z anglického originálu preložila Tamara Chovanová]
250 _a[1. vyd.]
260 _aBratislava
_bIkar
_c2005
300 _a176 s.
_c21 cm
700 1 _aChovanová, Tamara
_4trl
765 0 _tSecond chance
_aSteel, Danielle
999 _c8106
_d8106